Πλάτωνος πολιτικός : αρχαίον κείμενον

Αποθηκεύτηκε σε:
Λεπτομέρειες βιβλιογραφικής εγγραφής
Κύριος συγγραφέας: Πλάτων, 428 ή 7-348 ή 7 π.Χ
Άλλοι συγγραφείς: Τσαφάρας, Βασίλειος Ι. (Μεταφραστής, Επιμελητής έκδοσης)
Μορφή: Βιβλίο
Γλώσσα:Greek
Ancient Greek
Δημοσίευση: Εν Αθήναις : Πάπυρος, 1958
Σειρά:Βιβλιοθήκη "Παπύρου" ; ; 252
Βιβλιοθήκη "Παπύρου". Τα άπαντα των αρχαίων Ελλήνων συγγραφέων.
Θέματα:
Ετικέτες: Προσθήκη ετικέτας
Δεν υπάρχουν, Καταχωρήστε ετικέτα πρώτοι!

MARC

LEADER 00000cam a2200000 i 4500
001 1/19701
008 120518s1958 gr | ||| |||| ||gre||
035 |l 10112527 
040 |a GR-MY-UA  |b gre  |e aacr 
041 0 |a gre  |a grc 
082 0 |a 184  |2 (22) 
100 0 |a Πλάτων,   |d 428 ή 7-348 ή 7 π.Χ. 
245 1 0 |a Πλάτωνος πολιτικός :  |b αρχαίον κείμενον /  |c Πλάτων ; εισαγωγή-μετάφρασις-σημειώσεις: Βασίλ. Ι. Τσαφάρας 
260 |a Εν Αθήναις :   |b Πάπυρος,   |c 1958 
300 |a 96 σ.;  |c 22 εκ. 
490 1 |a Βιβλιοθήκη "Παπύρου"  |v ; 252 
490 1 |a Τα άπαντα των αρχαίων Ελλήνων συγραφέων 
500 |a Κείμενο στα Αρχαία και Νέα Ελληνικά σε αντικριστές σελίδες 
650 0 0 |a Philosophy, Ancient. 
700 1 |4 trl  |4 edt  |a Τσαφάρας, Βασίλειος Ι. 
830 0 |a Βιβλιοθήκη "Παπύρου" ;  |v ; 252 
830 0 |a Βιβλιοθήκη "Παπύρου".   |p Τα άπαντα των αρχαίων Ελλήνων συγγραφέων. 
852 |a INST  |b RHODES  |c AKA  |e 20120518  |h  184 ΠΛΑ  |p 005400032157  |q 005400032157  |t BK  |y 0 
901 |a BIBL4-2012-2 
970 |z 2012/05/18